[Event "Wch Seniors 65 28th"]
[Site "Bled"]
[Date "2018.11.22"]
[Round "5"]
[White "Booth, Anthony"]
[Black "Bratteteig, Tore Inge"]
[Result "0-1"]
[WhiteElo "1648"]
[BlackElo "1592"]
[PlyCount "158"]
[EventDate "2018.11.18"]
[EventType "swiss"]
[EventRounds "11"]
[EventCountry "SLO"]
[SourceTitle "CBM 187 Extra"]
[Source "ChessBase"]
[SourceDate "2018.11.04"]
[SourceVersion "1"]
[SourceVersionDate "2018.11.04"]
[SourceQuality "1"]

1. d4 Nf6 2. c4 g6 3. Nc3 Bg7 4. e4 d6 5. Be2 Nbd7 6. Nf3 0-0 7. 0-0 e5 8. dxe5 dxe5 9. Qc2 c6 10. Bg5 Qc7 11. b4 h6 12. Bh4 g5 13. Bg3 Nh5 14. Ne1 Nxg3 15. hxg3 Nf6 16. Rd1 Be6 17. a4 Rfd8 18. Rxd8+ Rxd8 19. Nf3 Qb8 20. Rd1 Rxd1+ 21. Qxd1 Bf8 22. c5 b6 23. b5 cxb5 24. cxb6 axb6 25. Bxb5 Bc5 26. Qd3 Ng4 27. Nd1 Qd6 28. Nd2 Qd4 29. Qe2 Qa1 30. Nf1 f5 31. exf5 Bxf5 32. Qc4+ Kg7 33. Qd5 Qd4 34. Qxd4 exd4 35. Nd2 Bc2 36. Be2 Ne5 37. Nf3 Nxf3+ 38. Bxf3 Bxa4 39. Nb2 Bb5 40. Be4 Kf6 41. Nd3 Bd7 42. Kf1 Bf5 43. f3 Bd6 44. g4 Be6 45. Ke2 Bc4 46. Kd2 b5 47. Bc6 Ke7 48. Kc2 Kd8 49. Kd2 Kc7 50. Be4 Kb6 51. Ke2 Ka5 52. Kf2 Ka4 53. g3 Ka3 54. f4 b4 55. Ne5 Bxe5 56. fxe5 d3 57. Ke3 Ka2 58. Bf5 Kb2 59. e6 Kc3 60. e7 Bf7 61. Bxd3 b3 62. Bc4 Be8 63. Bxb3 Kxb3 64. Ke4 Kc4 65. Kf5 Kd5 66. Kf6 Kd6 67. Kg7 Kxe7 68. Kxh6 Kf6 69. Kh7 Bd7 70. Kh6 Bxg4 71. Kh7 Kf5 72. Kh6 Be2 73. Kg7 g4 74. Kh6 Ke4 75. Kg5 Kf3 76. Kh4 Bf1 77. Kg5 Kxg3 78. Kf5 Be2 79. Ke4 Kf2 0-1

[Event "Helsingor Xtracon op"]
[Site "Helsingor"]
[Date "2018.07.26"]
[Round "7"]
[White "Nielsen, Kai Gylling"]
[Black "Bratteteig, Tore Inge"]
[Result "0-1"]
[WhiteElo "1813"]
[BlackElo "1585"]
[PlyCount "82"]
[EventDate "2018.07.21"]
[EventType "swiss"]
[EventRounds "10"]
[EventCountry "DEN"]
[SourceTitle "CBM 185 Extra"]
[Source "ChessBase"]
[SourceDate "2018.07.29"]
[SourceVersion "1"]
[SourceVersionDate "2018.07.29"]
[SourceQuality "1"]

1. c4 Nf6 2. Nc3 e5 3. Nf3 Nc6 4. e4 Bc5 5. h3 0-0 6. d3 h6 7. a3 a5 8. Na4 Be7 9. Be3 d6 10. Be2 Ne8 11. g4 Rb8 12. Nc3 b6 13. Nd5 Bd7 14. Qd2 g5 15. 0-0-0 f6 16. Rdg1 Ng7 17. h4 Ne6 18. hxg5 hxg5 19. Rh3 Kf7 20. Rh7+ Ng7 21. Rgh1 Rg8 22. Bd1 Qc8 23. Nxe7 Nxe7 24. Nxg5+ fxg5 25. Bxg5 Ng6 26. f4 exf4 27. Bxf4 Bxg4 28. Bb3 Qe6 29. Rf1 Qf6 30. Rf2 Ke8 31. Bh6 Qe5 32. Bxg7 Rxg7 33. Rxg7 Qxg7 34. Qg5 Be6 35. Rg2 Kf7 36. Rf2+ Ke8 37. Rf6 Bf7 38. Bd1 Kf8 39. Bh5 Ne5 40. Qh6 Qxh6+ 41. Rxh6 Kg7 0-1

[Event "Helsingor Xtracon op"]
[Site "Helsingor"]
[Date "2018.07.22"]
[Round "3"]
[White "Stam, Bart"]
[Black "Bratteteig, Tore Inge"]
[Result "1-0"]
[WhiteElo "1845"]
[BlackElo "1585"]
[PlyCount "55"]
[EventDate "2018.07.21"]
[EventType "swiss"]
[EventRounds "10"]
[EventCountry "DEN"]
[SourceTitle "CBM 185 Extra"]
[Source "ChessBase"]
[SourceDate "2018.07.29"]
[SourceVersion "1"]
[SourceVersionDate "2018.07.29"]
[SourceQuality "1"]

1. e4 e6 2. d4 d5 3. Nc3 Nf6 4. Bg5 dxe4 5. Nxe4 Be7 6. Bxf6 Bxf6 7. Nf3 Nd7 8. Bd3 b6 9. Qe2 Bb7 10. 0-0-0 Qe7 11. g4 g6 12. Kb1 0-0-0 13. Rhe1 h5 14. g5 Bg7 15. h4 Rhe8 16. c3 Kb8 17. Ba6 Qf8 18. Bxb7 Kxb7 19. Qc4 Nb8 20. Ned2 Qd6 21. Ne5 Bxe5 22. Rxe5 Nc6 23. Re4 Qh2 24. Qe2 Rd5 25. Nf3 Qd6 26. c4 Rf5 27. d5 Nb4 28. dxe6 1-0

[Event "Helsingor Xtracon op"]
[Site "Helsingor"]
[Date "2018.07.21"]
[Round "1"]
[White "Kizatbay, Abyl"]
[Black "Bratteteig, Tore Inge"]
[Result "1-0"]
[WhiteElo "2088"]
[BlackElo "1585"]
[PlyCount "27"]
[EventDate "2018.07.21"]
[EventType "swiss"]
[EventRounds "10"]
[EventCountry "DEN"]
[SourceTitle "CBM 185 Extra"]
[Source "ChessBase"]
[SourceDate "2018.07.29"]
[SourceVersion "1"]
[SourceVersionDate "2018.07.29"]
[SourceQuality "1"]

1. e4 e6 2. d4 d5 3. Bd3 Nf6 4. e5 Nfd7 5. Nf3 c5 6. c3 Nc6 7. 0-0 Qb6 8. dxc5 Bxc5 9. Qe2 0-0 10. Bxh7+ Kh8 11. Bc2 Be7 12. Ng5 g6 13. Qg4 Kg7 14. Nxe6+ 1-0

[Event "Helsingor Xtracon op"]
[Site "Helsingor"]
[Date "2017.07.27"]
[Round "7"]
[White "Bratteteig, Tore Inge"]
[Black "Schouten, Ken Ronny"]
[Result "1-0"]
[WhiteElo "1637"]
[BlackElo "1225"]
[PlyCount "50"]
[EventDate "2017.07.22"]
[EventType "swiss"]
[EventRounds "10"]
[EventCountry "DEN"]
[SourceTitle "CBM 179 Extra"]
[Source "ChessBase"]
[SourceDate "2017.08.23"]
[SourceVersion "1"]
[SourceVersionDate "2017.08.23"]
[SourceQuality "1"]

1. d4 Nf6 2. c4 d6 3. Nf3 g6 4. g3 Bg7 5. Bg2 0-0 6. 0-0 Nbd7 7. Nc3 c5 8. d5 Nb6 9. Nd2 Bf5 10. e4 Bg4 11. f3 Bd7 12. a4 a5 13. Nb5 Nc8 14. Ra2 e6 15. b3 exd5 16. exd5 Bxb5 17. axb5 Re8 18. Re1 b6 19. Ne4 Ne7 20. Bh3 Nd7 21. Nxd6 Rf8 22. Nb7 Qc7 23. Rxe7 Qxb7 24. Rxd7 Qa7 25. Rxa7 Rxa7 1-0

[Event "Helsingor Xtracon op"]
[Site "Helsingor"]
[Date "2017.07.24"]
[Round "4"]
[White "Aasen, Joakim"]
[Black "Bratteteig, Tore Inge"]
[Result "1/2-1/2"]
[WhiteElo "1386"]
[BlackElo "1637"]
[PlyCount "61"]
[EventDate "2017.07.22"]
[EventType "swiss"]
[EventRounds "10"]
[EventCountry "DEN"]
[SourceTitle "CBM 179 Extra"]
[Source "ChessBase"]
[SourceDate "2017.08.23"]
[SourceVersion "1"]
[SourceVersionDate "2017.08.23"]
[SourceQuality "1"]

1. e4 e6 2. d4 d5 3. Nd2 dxe4 4. Nxe4 Nd7 5. Nf3 Ngf6 6. Nxf6+ Nxf6 7. Bd3 c5 8. 0-0 cxd4 9. Nxd4 a6 10. Re1 Be7 11. c3 0-0 12. Qc2 h6 13. Be3 Qc7 14. h3 b6 15. Rad1 Bb7 16. Be2 Bc5 17. Bf3 Rfd8 18. Bxb7 Qxb7 19. Qb3 Qd5 20. Qxd5 Nxd5 21. Nc6 Re8 22. Bxc5 bxc5 23. Ne5 Rab8 24. Rd2 Rb7 25. Nc4 Reb8 26. Kh2 a5 27. Ree2 Nf4 28. Re4 Nd5 29. Ree2 Nf4 30. Re3 Nd5 31. Ree2 1/2-1/2

[Event "London Classic op 8th"]
[Site "London"]
[Date "2016.12.15"]
[Round "8"]
[White "Bratteteig, Tore Inge"]
[Black "Bin Suhayl, Ieysaa"]
[Result "0-1"]
[WhiteElo "1698"]
[BlackElo "1988"]
[PlyCount "80"]
[EventDate "2016.12.09"]
[EventType "swiss"]
[EventRounds "9"]
[EventCountry "ENG"]
[SourceTitle "CBM 176 Extra"]
[Source "ChessBase"]
[SourceDate "2017.03.02"]
[SourceVersion "1"]
[SourceVersionDate "2017.03.02"]
[SourceQuality "1"]

1. d4 Nf6 2. c4 c5 3. d5 b5 4. cxb5 a6 5. b6 e6 6. Nc3 exd5 7. Nxd5 Nxd5 8. Qxd5 Nc6 9. Nf3 Rb8 10. g3 Rxb6 11. Bg2 Nb4 12. Qd1 d5 13. a3 Nc6 14. 0-0 Be7 15. Qc2 0-0 16. Rd1 Be6 17. Bf4 d4 18. Qd2 Rb5 19. e4 Na5 20. Qe2 Qb6 21. b4 Nb3 22. bxc5 Bxc5 23. Ra2 Na5 24. Rad2 Bc4 25. Qe1 Nb3 26. Rc2 Be6 27. Bf1 Ra5 28. Bc4 Rxa3 29. Nd2 Bb4 30. Bxe6 Qxe6 31. Qe2 d3 32. Qxd3 Nxd2 33. Qd5 Nf3+ 34. Kg2 Qg4 35. Rcc1 Nh4+ 36. Kf1 Qh3+ 37. Ke2 Ng2 38. Be5 Qg4+ 39. Kf1 Qf3 40. Qd4 Ne3+ 0-1

[Event "London Classic op 8th"]
[Site "London"]
[Date "2016.12.10"]
[Round "3"]
[White "Tirado Parra, Alberto"]
[Black "Bratteteig, Tore Inge"]
[Result "1-0"]
[WhiteElo "1908"]
[BlackElo "1698"]
[PlyCount "63"]
[EventDate "2016.12.09"]
[EventType "swiss"]
[EventRounds "9"]
[EventCountry "ENG"]
[SourceTitle "CBM 176 Extra"]
[Source "ChessBase"]
[SourceDate "2017.03.02"]
[SourceVersion "1"]
[SourceVersionDate "2017.03.02"]
[SourceQuality "1"]

1. f4 d5 2. Nf3 c5 3. e3 Nf6 4. b3 g6 5. Bb2 Bg7 6. Bb5+ Bd7 7. Bxd7+ Nbxd7 8. 0-0 0-0 9. d3 Qb6 10. Qe2 Rad8 11. Nbd2 Qc6 12. e4 dxe4 13. dxe4 e6 14. a4 a6 15. a5 Rfe8 16. Ne5 Nxe5 17. fxe5 Nd7 18. Nc4 Qc7 19. Qf3 Rf8 20. Qg3 Qb8 21. Rad1 Qc7 22. Rd6 Nb8 23. Rfd1 Nc6 24. Qg5 Rfe8 25. R1d3 Bf8 26. Qf6 Be7 27. Qf2 Nxa5 28. Ne3 Nc6 29. Ng4 Bf8 30. Nf6+ Kg7 31. Nxe8+ Rxe8 32. Rd7 1-0

[Event "Helsingor Xtracon op"]
[Site "Helsingor"]
[Date "2016.07.25"]
[Round "4"]
[White "Bratteteig, Tore Inge"]
[Black "Keen, Cosima C"]
[Result "0-1"]
[WhiteElo "1710"]
[BlackElo "1918"]
[PlyCount "38"]
[EventDate "2016.07.23"]
[EventType "swiss"]
[EventRounds "10"]
[EventCountry "DEN"]
[SourceTitle "CBM 173 Extra"]
[Source "ChessBase"]
[SourceDate "2016.08.29"]
[SourceVersion "1"]
[SourceVersionDate "2016.08.29"]
[SourceQuality "1"]

1. Nf3 d5 2. d4 Nf6 3. c4 e6 4. e3 Be7 5. Nc3 0-0 6. Bd3 dxc4 7. Bxc4 a6 8. 0-0 b5 9. Bd3 Bb7 10. a3 c5 11. Be2 Nbd7 12. b3 Rc8 13. Bb2 Qb6 14. Qd2 Rfd8 15. Rfd1 cxd4 16. exd4 Ne4 17. Qe3 Ndf6 18. b4 Nxc3 19. Bxc3 Nd5 0-1

[Event "Helsingor Xtracon op"]
[Site "Helsingor"]
[Date "2016.07.23"]
[Round "1"]
[White "Grove, Peter"]
[Black "Bratteteig, Tore Inge"]
[Result "1-0"]
[WhiteElo "2155"]
[BlackElo "1710"]
[PlyCount "45"]
[EventDate "2016.07.23"]
[EventType "swiss"]
[EventRounds "10"]
[EventCountry "DEN"]
[SourceTitle "CBM 173 Extra"]
[Source "ChessBase"]
[SourceDate "2016.08.29"]
[SourceVersion "1"]
[SourceVersionDate "2016.08.29"]
[SourceQuality "1"]

1. Nf3 Nf6 2. c4 c5 3. g3 g6 4. Bg2 Nc6 5. 0-0 Bg7 6. Nc3 0-0 7. d4 cxd4 8. Nxd4 Nxd4 9. Qxd4 d6 10. Rd1 Qc7 11. Nb5 Qb8 12. c5 Nd7 13. Qh4 a6 14. Nc3 Nf6 15. cxd6 exd6 16. Bg5 Nd7 17. Be7 Re8 18. e3 Bf8 19. Nd5 Bxe7 20. Nxe7+ Kf8 21. Nd5 Kg7 22. Rac1 Re5 23. Qd8 1-0

[Event "NOR-ch Seniors-A"]
[Site "Oslo"]
[Date "2015.07.08"]
[Round "6"]
[White "Jenkins, Tom Ivar"]
[Black "Bratteteig, Tore Inge"]
[Result "1/2-1/2"]
[WhiteElo "1688"]
[BlackElo "1550"]
[PlyCount "47"]
[EventDate "2015.07.04"]
[EventType "swiss"]
[EventRounds "9"]
[EventCountry "NOR"]
[SourceTitle "EXT 2017"]
[Source "ChessBase"]
[SourceDate "2016.10.25"]
[SourceVersion "1"]
[SourceVersionDate "2016.10.25"]
[SourceQuality "1"]

1. d4 d5 2. Bf4 Bf5 3. e3 Nf6 4. c4 e6 5. a3 a5 6. Nc3 c6 7. cxd5 exd5 8. Bd3 Bxd3 9. Qxd3 Bd6 10. Bg5 Nbd7 11. Nf3 Qc7 12. Rc1 Qb6 13. 0-0 0-0 14. Rc2 Rfe8 15. Nd2 Re6 16. Bh4 Qa6 17. Qxa6 Rxa6 18. Bg3 Bxg3 19. hxg3 a4 20. Na2 Rb6 21. Nc3 Ra6 22. Re1 Ra8 23. f3 Nb6 24. Kf2 1/2-1/2

[Event "NOR-ch Seniors-A"]
[Site "Oslo"]
[Date "2015.07.06"]
[Round "3"]
[White "Bratteteig, Tore Inge"]
[Black "Lie, Terje"]
[Result "1-0"]
[WhiteElo "1550"]
[BlackElo "1449"]
[PlyCount "155"]
[EventDate "2015.07.04"]
[EventType "swiss"]
[EventRounds "9"]
[EventCountry "NOR"]
[SourceTitle "EXT 2017"]
[Source "ChessBase"]
[SourceDate "2016.10.25"]
[SourceVersion "1"]
[SourceVersionDate "2016.10.25"]
[SourceQuality "1"]

1. d4 Nf6 2. c4 e6 3. Nf3 d5 4. g3 dxc4 5. Qa4+ c6 6. Qxc4 Be7 7. Bg2 0-0 8. 0-0 Nbd7 9. Nc3 Nb6 10. Qb3 Nfd5 11. e4 Nf6 12. a4 h6 13. a5 Nbd7 14. Rd1 Nh7 15. Be3 Qc7 16. Bf4 Bd6 17. e5 Be7 18. Ne4 Rd8 19. Qc3 Ndf8 20. b4 a6 21. Nc5 Ng6 22. Be3 Bf8 23. Nd2 Ne7 24. Nc4 Nd5 25. Bxd5 exd5 26. Nb6 Rb8 27. Nxc8 Qxc8 28. Qd3 Be7 29. f4 h5 30. Rf1 h4 31. f5 Bg5 32. gxh4 Bxh4 33. Qd2 g5 34. Qe2 Qc7 35. f6 Kh8 36. Kh1 Rg8 37. Qh5 Rg6 38. Ra3 Re8 39. Bf2 Qc8 40. Bxh4 gxh4 41. Qxh4 Qg4 42. Qxg4 Rxg4 43. Rg3 Reg8 44. Rfg1 Rxg3 45. Rxg3 Rxg3 46. hxg3 Ng5 47. Kg2 Kg8 48. Nxb7 Ne6 49. Nc5 Nxd4 50. Nxa6 Nc2 51. Kf2 Kh7 52. Ke2 Nd4+ 53. Ke3 Nb5 54. Nb8 Na3 55. Nd7 Kg6 56. Kf4 Nb5 57. Nf8+ Kh6 58. e6 fxe6 59. Nxe6 Kg6 60. Ke5 Na7 61. Ng5 Nb5 62. Ke6 Nd4+ 63. Ke5 Nb5 64. f7 Kg7 65. Ke6 Nd4+ 66. Kd6 Kf8 67. a6 Nf5+ 68. Ke5 d4 69. Kxf5 d3 70. a7 d2 71. a8Q+ Ke7 72. Qe8+ Kd6 73. f8Q+ Kc7 74. Qd8+ Kb7 75. Qxd2 Kc7 76. Qdd8+ Kb7 77. Qb8+ Ka6 78. Qfc8# 1-0

[Event "NOR-ch Seniors-A"]
[Site "Oslo"]
[Date "2015.07.06"]
[Round "4"]
[White "Bratteteig, Tore Inge"]
[Black "Rognes, Sven Erik"]
[Result "1-0"]
[WhiteElo "1550"]
[BlackElo "1760"]
[PlyCount "179"]
[EventDate "2015.07.04"]
[EventType "swiss"]
[EventRounds "9"]
[EventCountry "NOR"]
[SourceTitle "EXT 2017"]
[Source "ChessBase"]
[SourceDate "2016.10.25"]
[SourceVersion "1"]
[SourceVersionDate "2016.10.25"]
[SourceQuality "1"]

1. d4 d5 2. c4 Nc6 3. e3 e5 4. dxe5 Bb4+ 5. Bd2 dxc4 6. Nf3 Be6 7. a3 Bxd2+ 8. Nbxd2 b5 9. Be2 Nge7 10. 0-0 Ng6 11. Qc2 0-0 12. b3 Ncxe5 13. bxc4 c6 14. cxb5 cxb5 15. Bxb5 Qd5 16. Be2 Rac8 17. Qb1 Rb8 18. Qd1 Rfd8 19. Nd4 Nh4 20. N2f3 Qe4 21. Nxh4 Qxh4 22. Bf3 Bc4 23. Be2 Bd5 24. f4 Nc4 25. Bxc4 Bxc4 26. Rf3 Rb2 27. Rg3 Qf6 28. Qg4 g6 29. Qg5 Qb6 30. h4 Rd2 31. Rc1 Be6 32. Qf6 R2xd4 33. exd4 Qxd4+ 34. Qxd4 Rxd4 35. Rf3 Ra4 36. g3 Kg7 37. Rc5 Rd4 38. Rfc3 h5 39. Kf2 Rd2+ 40. Ke3 Rg2 41. Kd4 Rb2 42. Ra5 Rb7 43. Rac5 Rd7+ 44. Ke3 a6 45. Rc6 Ra7 46. Rc7 Ra8 47. Kd4 Kf6 48. R3c5 a5 49. Rb7 a4 50. Rb6 Kg7 51. Kc3 Re8 52. Re5 Rc8+ 53. Kb2 Rd8 54. Re3 Rd2+ 55. Kc3 Ra2 56. Kb4 Rb2+ 57. Ka5 Bb3 58. Rb4 Kf6 59. Rxa4 Bxa4 60. Kxa4 Rb8 61. Re5 Ra8+ 62. Kb4 Rd8 63. Rc5 Rb8+ 64. Rb5 Re8 65. a4 Re4+ 66. Ka5 Re3 67. Ka6 Rxg3 68. Ka7 Rg4 69. a5 Rxf4 70. a6 Rxh4 71. Kb6 Ra4 72. Ra5 Re4 73. a7 Re6+ 74. Kc5 Re5+ 75. Kb4 Re8 76. a8Q Rxa8 77. Rxa8 h4 78. Kc3 g5 79. Kd3 Ke5 80. Ke3 Kf5 81. Ra5+ Kg4 82. Kf2 f5 83. Kg2 f4 84. Ra3 Kh5 85. Kf3 h3 86. Ra8 Kg6 87. Kg4 Kf6 88. Rh8 Ke5 89. Rxh3 Ke4 90. Rf3 1-0

[Event "London Classic op 5th"]
[Site "London"]
[Date "2013.12.13"]
[Round "7"]
[White "Bratteteig, Tore Inge"]
[Black "Solli, Oddvar"]
[Result "0-1"]
[WhiteElo "1696"]
[BlackElo "1849"]
[PlyCount "50"]
[EventDate "2013.12.07"]
[EventType "swiss"]
[EventRounds "9"]
[EventCountry "ENG"]
[SourceTitle "CBM 157 Extra"]
[Source "ChessBase"]
[SourceDate "2013.12.19"]
[SourceVersion "1"]
[SourceVersionDate "2013.12.19"]
[SourceQuality "1"]

1. d4 d5 2. Nf3 Nf6 3. Bf4 g6 4. e3 Bg7 5. h3 0-0 6. c4 c5 7. Nc3 cxd4 8. exd4 Nc6 9. Rc1 Qa5 10. Be2 Ne4 11. 0-0 Nxc3 12. bxc3 dxc4 13. Bxc4 b5 14. Bd5 Bb7 15. Ne5 Rac8 16. Nxf7 Rxf7 17. Qb3 Nd8 18. Bxf7+ Nxf7 19. Rfe1 Kf8 20. Qe6 Qd8 21. Qe3 Bf6 22. g4 Qd5 23. f3 Rxc3 24. Qe4 Qxd4+ 25. Kf1 Bxe4 0-1

[Event "London Classic op 5th"]
[Site "London"]
[Date "2013.12.10"]
[Round "4"]
[White "Prior, Stephen"]
[Black "Bratteteig, Tore Inge"]
[Result "1-0"]
[WhiteElo "2031"]
[BlackElo "1696"]
[PlyCount "27"]
[EventDate "2013.12.07"]
[EventType "swiss"]
[EventRounds "9"]
[EventCountry "ENG"]
[SourceTitle "CBM 157 Extra"]
[Source "ChessBase"]
[SourceDate "2013.12.19"]
[SourceVersion "1"]
[SourceVersionDate "2013.12.19"]
[SourceQuality "1"]

1. e4 c6 2. d4 d5 3. e5 Bf5 4. Nf3 e6 5. Be2 Nd7 6. 0-0 c5 7. c4 Ne7 8. Nc3 cxd4 9. Nxd4 Bg6 10. cxd5 Nxd5 11. Nxd5 exd5 12. e6 Nf6 13. Qa4+ Ke7 14. Qb4+ 1-0

[Event "Politiken Cup 35th"]
[Site "Helsingor"]
[Date "2013.07.28"]
[Round "3"]
[White "Quinn, David"]
[Black "Bratteteig, Tore Inge"]
[Result "1/2-1/2"]
[WhiteElo "1983"]
[BlackElo "1692"]
[PlyCount "84"]
[EventDate "2013.07.27"]
[EventType "swiss"]
[EventRounds "10"]
[EventCountry "DEN"]
[SourceTitle "CBM 155 Extra"]
[Source "ChessBase"]
[SourceDate "2013.08.26"]
[SourceVersion "1"]
[SourceVersionDate "2013.08.26"]
[SourceQuality "1"]

1. d4 d5 2. c4 c6 3. Nc3 Nf6 4. e3 Bf5 5. Nf3 e6 6. Be2 Bd6 7. 0-0 Nbd7 8. h3 h6 9. b3 0-0 10. Bb2 Re8 11. Rc1 Qe7 12. Nh4 Bh7 13. g3 Ba3 14. Bxa3 Qxa3 15. Bd3 Bxd3 16. Qxd3 Qf8 17. f4 g6 18. Rc2 Qg7 19. Rcf2 Kh8 20. Kh1 Rg8 21. Nf3 Qh7 22. Ne5 Raf8 23. g4 Nxe5 24. fxe5 Nd7 25. cxd5 cxd5 26. Nb5 Rg7 27. Nd6 Qg8 28. Qb5 Nb6 29. a4 g5 30. a5 Nc8 31. Nxb7 h5 32. Nc5 hxg4 33. Qe2 Rh7 34. Qxg4 Rh4 35. Qg3 Qh7 36. Kh2 g4 37. Qf4 Rxh3+ 38. Kg2 Rg8 39. Qf6+ Rg7 40. Qd8+ Rg8 41. Qf6+ Rg7 42. Qd8+ Rg8 1/2-1/2

[Event "NOR-ch Seniors-A"]
[Site "Lillehammer"]
[Date "2013.06.30"]
[Round "2"]
[White "Strand, Kjetil"]
[Black "Bratteteig, Tore Inge"]
[Result "1-0"]
[WhiteElo "2023"]
[BlackElo "1692"]
[PlyCount "65"]
[EventDate "2013.06.29"]
[EventType "swiss"]
[EventRounds "9"]
[EventCountry "NOR"]
[SourceTitle "EXT 2014"]
[Source "ChessBase"]
[SourceDate "2013.11.20"]
[SourceVersion "1"]
[SourceVersionDate "2013.11.20"]
[SourceQuality "1"]

1. e4 c6 2. d4 d5 3. exd5 cxd5 4. c4 Nf6 5. Nc3 e6 6. Nf3 Bb4 7. Bd3 Nc6 8. 0-0 0-0 9. Bg5 Be7 10. Re1 h6 11. Bh4 Re8 12. Rc1 dxc4 13. Bxc4 a6 14. a3 b5 15. Nxb5 Bb7 16. Nc3 Rc8 17. Qd3 Qa5 18. Ne4 Nxe4 19. Qxe4 Bxh4 20. Qxh4 Ne7 21. Ne5 Rc7 22. Qf4 Nd5 23. Bxd5 Qxd5 24. f3 Rec8 25. Rc3 f6 26. Ng6 Qd7 27. Rxc7 Rxc7 28. h4 Bd5 29. h5 Rc8 30. Rc1 Rxc1+ 31. Qxc1 Kf7 32. Qc5 Qb7 33. Qf8# 1-0

[Event "London Classic op 4th"]
[Site "London"]
[Date "2012.12.08"]
[Round "8"]
[White "Bratteteig, Tore Inge"]
[Black "Campbell, Eoin S"]
[Result "0-1"]
[WhiteElo "1684"]
[BlackElo "1819"]
[PlyCount "116"]
[EventDate "2012.12.01"]
[EventType "swiss"]
[EventRounds "9"]
[EventCountry "ENG"]
[SourceTitle "EXT 2014"]
[Source "ChessBase"]
[SourceDate "2013.11.20"]
[SourceVersion "1"]
[SourceVersionDate "2013.11.20"]
[SourceQuality "1"]

1. d4 Nf6 2. c4 g6 3. Nf3 Bg7 4. g3 0-0 5. Bg2 d5 6. Nc3 dxc4 7. Qa4 Nc6 8. Qxc4 Be6 9. Qa4 Nd5 10. Nxd5 Bxd5 11. e3 e5 12. 0-0 exd4 13. exd4 Nxd4 14. Nxd4 Bxg2 15. Kxg2 Qxd4 16. Qxd4 Bxd4 17. Bf4 c5 18. Rab1 Rfe8 19. Kf3 Re6 20. b4 c4 21. Rfd1 Bf6 22. a4 c3 23. Rd7 b6 24. Rc7 Rd8 25. Be3 Kg7 26. h4 Rd3 27. Kg2 Rexe3 28. fxe3 Rd2+ 29. Kf3 Be5 30. Rc4 a6 31. Rc1 Ra2 32. b5 axb5 33. axb5 Rb2 34. R1xc3 Bxc3 35. Rxc3 Rxb5 36. e4 h5 37. Rc6 Rb3+ 38. Kf4 Kf8 39. Ke5 Rxg3 40. Rxb6 Rg4 41. Kd5 Rxh4 42. e5 Rh1 43. Rb8+ Kg7 44. Rb7 Rd1+ 45. Ke4 Re1+ 46. Kf4 Kh6 47. Rb8 g5+ 48. Kf5 Rf1+ 49. Ke4 Kg7 50. Rb7 g4 51. Rb2 Kg6 52. Rb8 Kg5 53. Rg8+ Kh4 54. Rf8 Kg3 55. Kd5 h4 56. Kd6 Kg2 57. Ke7 h3 58. Rg8 g3 0-1

[Event "London Classic op 4th"]
[Site "London"]
[Date "2012.12.06"]
[Round "6"]
[White "Bratteteig, Tore Inge"]
[Black "Walinga, Eric Jan"]
[Result "0-1"]
[WhiteElo "1684"]
[BlackElo "2004"]
[PlyCount "108"]
[EventDate "2012.12.01"]
[EventType "swiss"]
[EventRounds "9"]
[EventCountry "ENG"]
[SourceTitle "CBM 151 Extra"]
[Source "ChessBase"]
[SourceDate "2012.12.18"]
[SourceVersion "1"]
[SourceVersionDate "2012.12.18"]
[SourceQuality "1"]

1. d4 Nf6 2. c4 g6 3. Nf3 Bg7 4. g3 0-0 5. Bg2 d6 6. 0-0 Nc6 7. Nc3 a6 8. e4 Bg4 9. h3 Bxf3 10. Bxf3 Nd7 11. Be3 e5 12. d5 Nd4 13. Bg2 c5 14. dxc6 bxc6 15. f4 Rb8 16. Rb1 Qa5 17. Qd2 Qb4 18. b3 Nc5 19. Rbd1 Qxc3 20. Qxc3 Ne2+ 21. Kh2 Nxc3 22. Rxd6 N3xe4 23. Rxc6 Rfc8 24. Rxc8+ Rxc8 25. f5 gxf5 26. Rxf5 a5 27. Rf1 Bf8 28. a3 Nc3 29. Rc1 Ne2 30. Rf1 Nd4 31. Bd5 Nce6 32. b4 axb4 33. axb4 Bxb4 34. h4 Kg7 35. Kh3 Rc7 36. g4 Ra7 37. Kg2 Ra2+ 38. Kh1 Re2 39. Bc1 Re1 40. Kg2 Re2+ 41. Kh1 Bd2 42. Ba3 Nf4 43. Bd6 Nxd5 44. cxd5 Be1 45. Be7 e4 46. Bf6+ Kf8 47. Bxd4 Bxh4 48. Rf5 Bg3 49. Be5 Bf2 50. Bc7 Rd2 51. d6 Bg3 52. Rh5 e3 53. Rxh7 Kg8 54. Rh5 e2 0-1

[Event "London Classic op 4th"]
[Site "London"]
[Date "2012.12.03"]
[Round "3"]
[White "Matthew, Ian"]
[Black "Bratteteig, Tore Inge"]
[Result "1/2-1/2"]
[WhiteElo "1948"]
[BlackElo "1684"]
[PlyCount "49"]
[EventDate "2012.12.01"]
[EventType "swiss"]
[EventRounds "9"]
[EventCountry "ENG"]
[SourceTitle "CBM 151 Extra"]
[Source "ChessBase"]
[SourceDate "2012.12.18"]
[SourceVersion "1"]
[SourceVersionDate "2012.12.18"]
[SourceQuality "1"]

1. e4 c6 2. d4 d5 3. Nc3 dxe4 4. Nxe4 Bf5 5. Ng3 Bg6 6. Bc4 e6 7. N1e2 Bd6 8. 0-0 Qc7 9. f4 Ne7 10. Bd3 Nd7 11. c4 c5 12. d5 Bxd3 13. Qxd3 exd5 14. cxd5 Nf6 15. Nc3 a6 16. Nf5 0-0 17. Nxe7+ Qxe7 18. Bd2 Rfe8 19. Rae1 Qd7 20. Ne4 Nxe4 21. Rxe4 Rxe4 22. Qxe4 Re8 23. Qf3 Qf5 24. Bc3 f6 25. g3 1/2-1/2

[Event "Politiken Cup 34th"]
[Site "Helsingor"]
[Date "2012.08.04"]
[Round "9"]
[White "Bratteteig, Tore Inge"]
[Black "Svane, Troels"]
[Result "1/2-1/2"]
[WhiteElo "1679"]
[BlackElo "1723"]
[PlyCount "138"]
[EventDate "2012.07.28"]
[EventType "swiss"]
[EventRounds "10"]
[EventCountry "DEN"]
[SourceTitle "CBM 149 Extra"]
[Source "ChessBase"]
[SourceDate "2012.08.24"]
[SourceVersion "1"]
[SourceVersionDate "2012.08.24"]
[SourceQuality "1"]

1. d4 Nf6 2. c4 d6 3. Nf3 g6 4. Nc3 Bg7 5. g3 0-0 6. Bg2 Nc6 7. e4 e5 8. d5 Ne7 9. h3 Bd7 10. 0-0 Nh5 11. Be3 f5 12. Bg5 Nf6 13. Ne1 Qc8 14. Kh2 Rf7 15. Qe2 fxe4 16. Bxf6 Rxf6 17. Nxe4 Rf7 18. Ng5 Rf6 19. Ne4 Rf7 20. Ng5 Rf8 21. Nd3 Bh6 22. Ne4 Nf5 23. Ne1 Nd4 24. Qd3 Bf5 25. Nc2 Nxc2 26. Qxc2 Rf7 27. b4 Qd7 28. a4 a6 29. Qe2 Raf8 30. c5 Ra8 31. Qc4 Qd8 32. Ra2 Bf8 33. g4 Bc8 34. Rc2 Rf4 35. Qd3 a5 36. b5 b6 37. cxd6 cxd6 38. Rfc1 Rf7 39. Qd2 Bb7 40. Rc3 Rc8 41. Rxc8 Bxc8 42. Qc2 Bb7 43. Qc4 Rd7 44. Kg3 Be7 45. Rc2 Qf8 46. Kh2 Bd8 47. Qd3 Rc7 48. Rc6 Bxc6 49. dxc6 Be7 50. Nc3 Bd8 51. Nd5 Rg7 52. Qe3 Rf7 53. Kg1 Kh8 54. Nxb6 Rf4 55. Nd5 Rc4 56. Qa7 Bh4 57. c7 Rc1+ 58. Kh2 Bxf2 59. Qb8 Bg1+ 60. Kg3 Bf2+ 61. Kh2 Bg1+ 62. Kg3 Kg7 63. Qxf8+ Kxf8 64. b6 Bxb6 65. c8Q+ Rxc8 66. Nxb6 Rc3+ 67. Kf2 Rc2+ 68. Kg3 Rc3+ 69. Kf2 Rc2+ 1/2-1/2